[Event "KAUPTHING OPEN 2007 B"]
[Site "?"]
[Date "2007.07.09"]
[Round "4.22"]
[White "Schneider, Rafael"]
[Black "Kessler, Lucien"]
[Result "1-0"]
[WhiteElo "1807"]
[BlackElo "1553"]
[PlyCount "65"]
[EventDate "2007.07.18"]

1. e4 e5 2. Nf3 Nc6 3. d4 exd4 4. Nxd4 Bc5 5. Be3 Bb4+ 6. c3 Be7 7. Bc4 a6 8.
O-O b5 9. Bb3 Bb7 10. Nd2 Nf6 11. Bc2 Ne5 12. f3 O-O 13. a4 c5 14. Nf5 c4 15.
a5 d5 16. Bb6 Qd7 17. f4 Nd3 18. Bxd3 cxd3 19. Nxe7+ Qxe7 20. e5 Nd7 21. Bd4 f6
22. Nf3 fxe5 23. fxe5 Rf5 24. Qxd3 Raf8 25. Rae1 Nc5 26. Bxc5 Qxc5+ 27. Qd4 Qc7
28. Nd2 Rxf1+ 29. Rxf1 Rxf1+ 30. Nxf1 Qxa5 31. e6 Qd8 32. Qe5 Qe7 33. Ne3 1-0

[Event "KAUPTHING OPEN 2007 B"]
[Site "?"]
[Date "2007.07.09"]
[Round "4.23"]
[White "Pietras, Ryszard"]
[Black "Steffen, Robert"]
[Result "1-0"]
[WhiteElo "1800"]
[BlackElo "1552"]
[PlyCount "59"]
[EventDate "2007.07.18"]

1. e4 e6 2. d4 d5 3. e5 c5 4. c3 Nc6 5. Nf3 Qb6 6. Be2 Bd7 7. O-O cxd4 8. cxd4
Nge7 9. b3 Nf5 10. Bb2 Be7 11. g4 Nh6 12. h3 O-O 13. Nbd2 f6 14. Rc1 fxe5 15.
dxe5 Rac8 16. Kg2 Nb4 17. a3 Rxc1 18. Bxc1 Na2 19. Bb2 Rc8 20. Qa1 Bb5 21. Bxb5
Qxb5 22. Qxa2 Rc2 23. Rc1 Qd3 24. Rxc2 Qxc2 25. Qb1 Qc7 26. Qd3 Nf7 27. b4 Ng5
28. Nxg5 Bxg5 29. Nf3 Bf4 30. Qd4 1-0

[Event "KAUPTHING OPEN 2007 B"]
[Site "?"]
[Date "2007.07.09"]
[Round "4.24"]
[White "Steil, Raymond"]
[Black "Hoefer, Michael"]
[Result "1-0"]
[WhiteElo "1731"]
[BlackElo "1423"]
[PlyCount "45"]
[EventDate "2007.07.18"]

1. d4 Nf6 2. Nf3 d5 3. c4 dxc4 4. e3 b5 5. a4 c6 6. axb5 cxb5 7. b3 Ba6 8. bxc4
bxc4 9. Rxa6 Nxa6 10. Qa4+ Nd7 11. Qxa6 Qb6 12. Qxb6 Nxb6 13. Be2 e6 14. O-O
Bb4 15. Ba3 a5 16. Ne5 Rc8 17. Rc1 c3 18. Bb5+ Ke7 19. Nc6+ Rxc6 20. Bxc6 Rc8
21. Rxc3 Bxa3 22. Nxa3 Nd5 23. Rc5 1-0

[Event "KAUPTHING OPEN 2007 B"]
[Site "?"]
[Date "2007.07.09"]
[Round "4.25"]
[White "Meyer, Mylène"]
[Black "Cressa, Luca"]
[Result "1-0"]
[WhiteElo "1720"]
[BlackElo "1250"]
[PlyCount "33"]
[EventDate "2007.07.18"]

1. d4 Nf6 2. Nf3 e6 3. Bf4 d5 4. e3 Nc6 5. c4 Nh5 6. Bg3 Nxg3 7. hxg3 dxc4 8.
Bxc4 Bb4+ 9. Nbd2 Bxd2+ 10. Qxd2 O-O 11. Rc1 Qf6 12. Bb5 e5 13. Bxc6 bxc6 14.
Nxe5 c5 15. Rxc5 Qe7 16. Qc2 f6 17. Qxh7# 1-0

[Event "KAUPTHING OPEN 2007 B"]
[Site "?"]
[Date "2007.07.09"]
[Round "4.26"]
[White "Ferri, Doriano"]
[Black "Scheerer, Daniel"]
[Result "0-1"]
[WhiteElo "1646"]
[BlackElo "1716"]
[PlyCount "104"]
[EventDate "2007.07.18"]

1. d4 d5 2. c4 e5 3. dxe5 d4 4. a3 Nc6 5. e3 Bf5 6. Nf3 dxe3 7. Qxd8+ Rxd8 8.
Bxe3 Nge7 9. Be2 Ng6 10. O-O Ncxe5 11. Nxe5 Nxe5 12. Re1 Be7 13. Nc3 Be6 14.
Nb5 Rd7 15. Rad1 a6 16. Rxd7 Kxd7 17. Rd1+ Kc8 18. Nc3 Nxc4 19. Bxc4 Bxc4 20.
Bd4 f6 21. Re1 c5 22. Rxe7 cxd4 23. Ne4 Rd8 24. Rxg7 d3 25. Nd2 Re8 26. g3 Re1+
27. Kg2 Bd5+ 28. Kh3 Re2 29. Nb1 Be6+ 30. Kg2 Rxb2 31. Nc3 Rc2 32. Re7 Rxc3 33.
Rxe6 Kd7 34. Re1 Rxa3 35. Rd1 Kd6 36. Kf3 d2+ 37. Ke2 Ra2 38. f3 Kd5 39. h4 Kc4
40. Ke3 Ra3+ 41. Ke2 Rd3 42. g4 Rd7 43. Rxd2 Rxd2+ 44. Kxd2 Kd4 45. Ke2 a5 46.
g5 fxg5 47. hxg5 a4 48. Kd2 a3 49. Kc2 Ke3 50. Kb3 Kxf3 51. Kxa3 Kf4 52. Kb4
Kxg5 0-1

[Event "KAUPTHING OPEN 2007 B"]
[Site "?"]
[Date "2007.07.09"]
[Round "4.27"]
[White "Salentiny, Eric"]
[Black "Yanovska, Violeta"]
[Result "1-0"]
[WhiteElo "1708"]
[BlackElo "1200"]
[PlyCount "31"]
[EventDate "2007.07.18"]

1. e4 c5 2. Nf3 e6 3. d4 cxd4 4. Nxd4 Qc7 5. Nc3 Bb4 6. Bd2 h6 7. Ncb5 Qb6 8.
Bxb4 a6 9. Nd6+ Kd8 10. Nxf7+ Ke8 11. Nd6+ Kd8 12. Ba3 Rh7 13. c3 Ne7 14. Qf3
Nbc6 15. Qf8+ Kc7 16. Qxc8+ 1-0

[Event "KAUPTHING OPEN 2007 B"]
[Site "?"]
[Date "2007.07.09"]
[Round "4.28"]
[White "Clement, Marc"]
[Black "Bariani, Sébastien"]
[Result "0-1"]
[WhiteElo "1432"]
[BlackElo "1700"]
[PlyCount "44"]
[EventDate "2007.07.18"]

1. e4 e5 2. Bc4 Nc6 3. Nc3 Nf6 4. d3 h6 5. Nge2 Bc5 6. O-O d6 7. Kh1 Ng4 8. Qe1
Qh4 9. h3 Nxf2+ 10. Rxf2 Bxf2 11. Qf1 O-O 12. Nd1 Bc5 13. a3 Be6 14. Ba2 Nd4
15. Nxd4 Bxd4 16. c3 Bb6 17. Bd2 Rad8 18. Bb1 f5 19. exf5 Rxf5 20. Qe2 Rf6 21.
Be1 Qf4 22. Bd2 Qf1+ 0-1

[Event "KAUPTHING OPEN 2007 B"]
[Site "?"]
[Date "2007.07.09"]
[Round "4.29"]
[White "Donini, Carlo"]
[Black "Mahan, James Robert"]
[Result "0-1"]
[WhiteElo "1347"]
[BlackElo "1514"]
[PlyCount "96"]
[EventDate "2007.07.18"]

1. c4 e5 2. Nc3 Nf6 3. g3 Bc5 4. Bg2 O-O 5. a3 Nc6 6. b4 Be7 7. d3 d6 8. Nf3
Bd7 9. O-O Qc8 10. Nb5 a6 11. Nc3 Bh3 12. Qd2 Bxg2 13. Kxg2 Rd8 14. Bb2 d5 15.
c5 d4 16. Ne4 Nxe4 17. dxe4 Qg4 18. Qd3 h5 19. h3 Qg6 20. h4 Rd7 21. Kh2 Qg4
22. Nd2 Rf8 23. f3 Qg6 24. Rg1 Qe6 25. Qc4 Qxc4 26. Nxc4 Bd8 27. Rad1 f5 28.
exf5 Rxf5 29. Kg2 g5 30. e4 Rff7 31. hxg5 Bxg5 32. Bc1 Rg7 33. Bxg5 Rxg5 34.
Rh1 Rdg7 35. Rh3 h4 36. g4 Ne7 37. Rxh4 Ng6 38. Rhh1 Nf4+ 39. Kf2 R7g6 40. Nb2
b5 41. cxb6 Rxb6 42. Nd3 Nxd3+ 43. Rxd3 Rf6 44. Rc1 Rf7 45. Rc5 Rxg4 46. Ke2
Rg2+ 47. Kf1 Rfg7 48. f4 Rg1+ 0-1

[Event "KAUPTHING OPEN 2007 B"]
[Site "?"]
[Date "2007.07.09"]
[Round "4.30"]
[White "Geschwindt, Gilbert"]
[Black "Jagiello, Robert"]
[Result "1-0"]
[WhiteElo "1649"]
[BlackElo "1292"]
[PlyCount "93"]
[EventDate "2007.07.18"]

1. e4 e5 2. Nf3 Nf6 3. Nxe5 d6 4. Nf3 Nxe4 5. Nc3 Qe7 6. Qe2 Nf6 7. d4 Qxe2+ 8.
Bxe2 d5 9. O-O Bd6 10. Nb5 Ne4 11. Bd3 a6 12. Nxd6+ Nxd6 13. Re1+ Be6 14. Ng5
O-O 15. Bxh7+ Kh8 16. Bd3 Re8 17. Bf4 Nc6 18. c3 Rad8 19. Re3 Kg8 20. Rae1 Bd7
21. Bxd6 cxd6 22. f4 Rxe3 23. Rxe3 Re8 24. Rxe8+ Bxe8 25. Bf5 Ne7 26. Bh7+ Kh8
27. Bc2 g6 28. g4 Kg7 29. Nf3 Bd7 30. h3 f5 31. g5 Bb5 32. Kf2 Nc6 33. a4 Bc4
34. b3 Nd8 35. bxc4 dxc4 36. d5 b5 37. Ke3 Nb7 38. Nd4 Nc5 39. axb5 axb5 40.
Nxb5 Nb7 41. Kd4 Kf7 42. Kxc4 Ke7 43. Nc7 Kd7 44. Ne6 Ke7 45. Kb5 Nd8 46. Bb3
Kd7 47. Nf8+ 1-0

[Event "KAUPTHING OPEN 2007 B"]
[Site "?"]
[Date "2007.07.09"]
[Round "4.31"]
[White "Boyarchenko, Alexander Sr"]
[Black "Scholtes, Théo"]
[Result "0-1"]
[WhiteElo "1544"]
[BlackElo "1661"]
[PlyCount "79"]
[EventDate "2007.07.18"]

1. d4 g6 2. c4 Bg7 3. Nf3 Nf6 4. Bf4 d6 5. h3 Nbd7 6. Nc3 c6 7. Qd2 h6 8. e4
Nh5 9. Be3 a6 10. Be2 e5 11. d5 c5 12. Nh2 Nhf6 13. Ng4 h5 14. Bh6 Bxh6 15.
Nxh6 Nh7 16. g4 h4 17. g5 Qxg5 18. Ng4 Qxd2+ 19. Kxd2 Ndf6 20. Raf1 Nh5 21. Rb1
Nf4 22. Bf1 f5 23. Ne3 Ng5 24. exf5 Bxf5 25. Nxf5 gxf5 26. Ne2 Nh5 27. b4 b6
28. Nc3 O-O-O 29. Na4 Kc7 30. Bd3 e4 31. bxc5 Nf3+ 32. Ke3 bxc5 33. Be2 f4+ 34.
Kxe4 Nd2+ 35. Kf5 Nxb1 36. Rxb1 Rdf8+ 37. Kg4 Nf6+ 38. Kf3 Nd7 39. Nc3 Ne5+ 40.
Kg2 0-1

[Event "KAUPTHING OPEN 2007 B"]
[Site "?"]
[Date "2007.07.09"]
[Round "4.32"]
[White "Meisch, Jean-Paul"]
[Black "Blond, Hanten Elsa"]
[Result "1-0"]
[WhiteElo "1456"]
[BlackElo "1200"]
[PlyCount "21"]
[EventDate "2007.07.18"]

1. e4 e5 2. Nf3 Nf6 3. Nxe5 Qe7 4. d4 Nxe4 5. Bc4 Qd8 6. Qh5 g6 7. Bxf7+ Ke7 8.
Qh4+ g5 9. Qxe4 Nc6 10. Bxg5+ Kd6 11. Nc4# 1-0

[Event "KAUPTHING OPEN 2007 B"]
[Site "?"]
[Date "2007.07.09"]
[Round "4.33"]
[White "Gambucci, Daniela"]
[Black "Schaul, Georges"]
[Result "1-0"]
[WhiteElo "1377"]
[BlackElo "1200"]
[PlyCount "45"]
[EventDate "2007.07.18"]

1. d4 d5 2. Nf3 Nc6 3. Bf4 g6 4. e3 Bg7 5. c3 Nf6 6. Bd3 O-O 7. Qe2 h6 8. h3 g5
9. Be5 Bh8 10. Bxf6 exf6 11. g4 b5 12. Nh2 Ne7 13. f3 a5 14. h4 gxh4 15. Nf1 b4
16. Rxh4 bxc3 17. Nxc3 h5 18. Rxh5 Bg7 19. Bh7+ Kh8 20. Ng3 Bd7 21. Qc2 c6 22.
Bg8+ Bh6 23. Qh7# 1-0

[Event "KAUPTHING OPEN 2007 B"]
[Site "?"]
[Date "2007.07.09"]
[Round "4.34"]
[White "Berchem Lux, Stéphane"]
[Black "Wolff, Chris"]
[Result "0-1"]
[WhiteElo "1200"]
[BlackElo "1200"]
[PlyCount "58"]
[EventDate "2007.07.18"]

1. e4 e5 2. Nf3 Nc6 3. d4 Bb4+ 4. Bd2 exd4 5. Bxb4 Nxb4 6. Qxd4 Nxc2+ 7. Kd1
Nxd4 8. Nxd4 Nf6 9. Nc3 O-O 10. e5 Ng4 11. Bc4 Nxf2+ 12. Kc2 Nxh1 13. Rxh1 Qh4
14. Kd3 d6 15. exd6 cxd6 16. Ne4 Qg4 17. Nxd6 Qxg2 18. Re1 Bf5+ 19. N4xf5 Qf3+
20. Re3 Qd1+ 21. Kc3 Rad8 22. Nxf7 Qd2+ 23. Kb3 Qd1+ 24. Kc3 Rxf7 25. Bxf7+
Kxf7 26. Ng3 Qd2+ 27. Kb3 Qxe3+ 28. Kc2 Rd2+ 29. Kc1 Qe1# 0-1

[Event "KAUPTHING OPEN 2007 B"]
[Site "?"]
[Date "2007.07.10"]
[Round "5.2"]
[White "Berens, Thomas"]
[Black "Vignale, Stéphane"]
[Result "1/2-1/2"]
[WhiteElo "2032"]
[BlackElo "2086"]
[PlyCount "90"]
[EventDate "2007.07.18"]

1. d4 d5 2. Nf3 Nf6 3. e3 e6 4. Bd3 Nbd7 5. Nbd2 Bd6 6. O-O O-O 7. Re1 c5 8. c3
Qc7 9. e4 dxe4 10. Nxe4 Nxe4 11. Rxe4 Nf6 12. Rh4 cxd4 13. Nxd4 Be7 14. Qf3 e5
15. Nf5 Bxf5 16. Bxf5 g6 17. Bc2 Qc6 18. Qxc6 bxc6 19. Rc4 Rac8 20. Be3 c5 21.
Rd1 Rc7 22. f3 Nd7 23. Bc1 f5 24. Bb3 Kg7 25. Ra4 Rfc8 26. Be6 Nb6 27. Bxc8
Nxa4 28. Rd7 Rxd7 29. Bxd7 Nb6 30. Bc6 Kf6 31. Kf1 Ke6 32. Ke2 Kd6 33. Bb7 Kc7
34. Ba6 Kc6 35. Kd3 Kd5 36. Bb7+ Ke6 37. b3 Kd7 38. a4 c4+ 39. Kc2 cxb3+ 40.
Kxb3 Kc7 41. Ba6 Nd7 42. Bb5 a6 43. Bxd7 $11 Kxd7 44. Kc4 Kc6 45. Be3 Bd6
1/2-1/2

[Event "KAUPTHING OPEN 2007 B"]
[Site "?"]
[Date "2007.07.10"]
[Round "5.3"]
[White "Schweitzer, Marc"]
[Black "Bakalarz, Leszek"]
[Result "0-1"]
[WhiteElo "1912"]
[BlackElo "2105"]
[PlyCount "96"]
[EventDate "2007.07.18"]

1. Nf3 d5 2. g3 c5 3. Bg2 Nc6 4. d3 e5 5. O-O Be7 6. c4 d4 7. a3 a5 8. Re1 f5
9. e3 Nf6 10. exd4 exd4 11. Bg5 O-O 12. Nbd2 h6 13. Bxf6 Bxf6 14. Nb3 Qd6 15.
Qd2 a4 16. Nc1 g5 17. Rf1 Kg7 18. Ne2 g4 19. Ne1 Bg5 20. Qd1 f4 21. gxf4 Bxf4
22. Nxf4 Qxf4 23. Qe2 Ne5 24. Qe4 Nf3+ 25. Bxf3 gxf3 26. Qxf4 Rxf4 27. Kh1 Ra6
28. Rg1+ Rg6 29. Rb1 Bd7 30. Rxg6+ Kxg6 31. b3 axb3 32. Rxb3 Bc6 33. h3 h5 34.
Rb1 Rf8 35. Nc2 Re8 36. Re1 Rxe1+ 37. Nxe1 Kg5 38. Kh2 h4 39. Kg1 Kf4 40. Nc2
Ba4 41. Ne1 Bd1 42. Kh2 Ke5 43. a4 Kd6 44. a5 Kc7 45. Kg1 Kb8 46. Kh2 Ka7 47.
Ng2 fxg2 48. Kxg2 Be2 0-1

[Event "KAUPTHING OPEN 2007 B"]
[Site "?"]
[Date "2007.07.10"]
[Round "5.4"]
[White "Henrichs, Wenke"]
[Black "Carrillo, Jesus"]
[Result "1-0"]
[WhiteElo "2079"]
[BlackElo "2174"]
[PlyCount "61"]
[EventDate "2007.07.18"]

1. d4 Nf6 2. c4 g6 3. f3 Bg7 4. e4 d6 5. Be3 O-O 6. Ne2 e5 7. d5 c6 8. Qd2 cxd5
9. cxd5 Nbd7 10. Nbc3 a6 11. Nc1 Nh5 12. Nd3 f5 13. O-O-O Ndf6 14. Kb1 Bd7 15.
Rc1 Rc8 16. Be2 b5 17. Bg5 Qa5 18. Nf2 b4 19. Ncd1 Rxc1+ 20. Qxc1 Nf4 21. Bf1
Rc8 22. Qd2 Bb5 23. g3 Bxf1 24. Rxf1 Qb5 25. Ne3 Ne2 26. Re1 Nd4 27. Qd1 b3 28.
axb3 Nxb3 29. Nc2 Qa4 30. Na3 Rc1+ 31. Bxc1 1-0

[Event "KAUPTHING OPEN 2007 B"]
[Site "?"]
[Date "2007.07.10"]
[Round "5.5"]
[White "Nguyen-Huu, Hoang"]
[Black "Roitzsch, Philippe"]
[Result "1/2-1/2"]
[WhiteElo "2103"]
[BlackElo "1874"]
[PlyCount "126"]
[EventDate "2007.07.18"]

1. c3 Nf6 2. Qc2 e5 3. d3 d6 4. e4 Nc6 5. Nf3 d5 6. Be2 Be6 7. Nbd2 a5 8. O-O
Bc5 9. b3 O-O 10. a3 Ng4 11. Bb2 f5 12. b4 fxe4 13. dxe4 Bd6 14. h3 Nf6 15. Ng5
Qe8 16. Nxe6 Qxe6 17. Rad1 Kh8 18. Qb3 Ne7 19. c4 c6 20. cxd5 cxd5 21. exd5 Qf5
22. Nc4 Rad8 23. Nxa5 Ng6 24. Nxb7 Nf4 25. Bf3 Rd7 26. Nxd6 Rxd6 27. Bc1 e4 28.
Bxf4 Qxf4 29. Be2 Nd7 30. Qe3 Qe5 31. Qd4 Qe7 32. Bg4 Nf6 33. Be6 Rfd8 34. Qe5
Qa7 35. Ra1 Qe7 36. Rfd1 Nxd5 37. Rxd5 Rxd5 38. Qxd5 Rxd5 39. Bxd5 e3 40. Re1
exf2+ 41. Kxf2 Qf6+ 42. Bf3 g5 43. Re3 h5 44. g4 Qb2+ 45. Be2 Qf6+ 46. Rf3 Qd4+
47. Kf1 Qa1+ 48. Kg2 Qb2 49. Rf2 h4 50. a4 Qxb4 51. Bb5 Qe4+ 52. Rf3 Qc2+ 53.
Kh1 Qd1+ 54. Kg2 Qc2+ $11 55. Kf1 Qd1+ 56. Kf2 Qd2+ 57. Kf1 Qd1+ 58. Kg2 Qc2+
59. Rf2 Qe4+ 60. Kg1 Qe3 61. Bf1 Qg3+ 62. Bg2 Qe3 63. Bf1 Qg3+ 1/2-1/2

[Event "KAUPTHING OPEN 2007 B"]
[Site "?"]
[Date "2007.07.10"]
[Round "5.6"]
[White "Ortartchiev, Gadji"]
[Black "Nikolaeva, Maria"]
[Result "1/2-1/2"]
[WhiteElo "1992"]
[BlackElo "2091"]
[PlyCount "48"]
[EventDate "2007.07.18"]

1. c4 g6 2. Nc3 Bg7 3. d4 c5 4. Nf3 cxd4 5. Nxd4 Nc6 6. e3 Nf6 7. Be2 O-O 8.
O-O Nxd4 9. exd4 d5 10. Be3 dxc4 11. Bxc4 Qc7 12. Be2 Bd7 13. Rc1 Bc6 14. Bf3
Rad8 15. Bxc6 Qxc6 16. Qe2 Qd7 17. h3 Nd5 18. Nxd5 Qxd5 19. b3 Bxd4 20. Bxd4
Qxd4 21. Qxe7 Qb6 22. Rc7 Rde8 23. Qd7 Rd8 24. Qe7 Rde8 1/2-1/2

[Event "KAUPTHING OPEN 2007 B"]
[Site "?"]
[Date "2007.07.10"]
[Round "5.7"]
[White "Lobzhanidze, Anna"]
[Black "Kruis, Ruud"]
[Result "1/2-1/2"]
[WhiteElo "2086"]
[BlackElo "1988"]
[PlyCount "66"]
[EventDate "2007.07.18"]

1. e4 c6 2. d4 d5 3. Nc3 dxe4 4. Nxe4 Bf5 5. Ng3 Bg6 6. h4 h6 7. Nf3 Nd7 8. h5
Bh7 9. Bd3 Bxd3 10. Qxd3 Qc7 11. Bd2 e6 12. O-O-O O-O-O 13. Qe2 Ngf6 14. Ne5
Nxe5 15. dxe5 Nd5 16. Kb1 Be7 17. f4 Qb6 18. c4 Nb4 19. Be3 Qa5 20. a3 Na6 21.
Ne4 Kb8 22. Rxd8+ Rxd8 23. Rd1 f5 24. exf6 gxf6 25. Rxd8+ Qxd8 26. Kc2 f5 27.
Nc3 Bf6 28. Qd3 Qxd3+ 29. Kxd3 Kc7 30. c5 Kd7 31. b4 Nc7 32. Bd4 Ne8 33. Ne2
Bxd4 1/2-1/2

[Event "KAUPTHING OPEN 2007 B"]
[Site "?"]
[Date "2007.07.10"]
[Round "5.8"]
[White "Weller, Werner"]
[Black "Bakalarz, Grazyna"]
[Result "1/2-1/2"]
[WhiteElo "1967"]
[BlackElo "2060"]
[PlyCount "93"]
[EventDate "2007.07.18"]

1. d4 Nf6 2. c4 g6 3. Nc3 d5 4. cxd5 Nxd5 5. e4 Nxc3 6. bxc3 Bg7 7. Bc4 O-O 8.
Ne2 c5 9. Be3 cxd4 10. cxd4 Nc6 11. O-O Na5 12. Bd3 b6 13. Rc1 e6 14. Qd2 Bb7
15. f3 Qd7 16. Rfd1 Rac8 17. Rxc8 Rxc8 18. Rc1 $11 Rxc1+ 19. Qxc1 h5 20. Qc2
Qc8 21. Qxc8+ Bxc8 22. Nc3 Nc6 23. e5 Nb4 24. Be4 Bf8 25. d5 exd5 26. Nxd5 Nxd5
27. Bxd5 Be6 28. Bxe6 fxe6 29. Kf1 Kf7 30. Ke2 Ke7 31. Kd3 Kd7 32. Ke4 Kc6 33.
Bg5 a5 34. g4 a4 35. gxh5 gxh5 36. f4 b5 37. f5 exf5+ 38. Kxf5 Kd7 39. e6+ Ke8
40. Kg6 h4 41. Bxh4 b4 42. Bf6 Be7 43. Be5 b3 44. axb3 axb3 45. Kf5 Bd6 46. Bb2
Bxh2 47. Ke4 1/2-1/2

[Event "KAUPTHING OPEN 2007 B"]
[Site "?"]
[Date "2007.07.10"]
[Round "5.9"]
[White "Duenzel, Jonas"]
[Black "Dubois, Martine"]
[Result "0-1"]
[WhiteElo "1900"]
[BlackElo "2073"]
[PlyCount "108"]
[EventDate "2007.07.18"]

1. e4 e5 2. Nf3 d5 3. exd5 e4 4. Bb5+ c6 5. dxc6 bxc6 6. Qe2 cxb5 7. Qxe4+ Qe7
8. Qxe7+ Bxe7 9. Nc3 b4 10. Nd5 Na6 11. O-O Bb7 12. Nxe7 Nxe7 13. Nd4 O-O 14.
d3 Nd5 15. Re1 Rfe8 16. Bd2 Nc5 17. Nb5 Red8 18. d4 Ne6 19. c4 bxc3 20. bxc3 a6
21. Na3 Ndf4 22. f3 Rac8 23. Nc2 Nd5 24. Rab1 Rd7 25. Rb3 Rdc7 26. Ne3 Nxe3 27.
Rxe3 Bd5 28. Rb2 f6 29. Re1 Bc4 30. Kf2 Kf7 31. a3 Re7 32. Rb4 Bd3 33. Re3 Bc4
34. Re1 Nd8 35. Rxe7+ Kxe7 36. Ke3 Rc6 37. Kf2 a5 38. Rb1 Re6 39. Be3 Rc6 40.
Bd2 Bd3 41. Rb2 Rc7 42. Ke3 Bc4 43. Bc1 Nb7 44. a4 Nd6 45. Rb6 Bf1 46. Kf2 Nc4
47. Bf4 Ra7 48. Rc6 Bd3 49. Rc5 Rb7 50. d5 Rb2+ 51. Kg3 Bf1 52. Rc7+ Kd8 53.
Kh3 Rxg2 54. d6 Rg1+ 0-1

[Event "KAUPTHING OPEN 2007 B"]
[Site "?"]
[Date "2007.07.10"]
[Round "5.10"]
[White "Baillard, Marc"]
[Black "Pletsch, Claude"]
[Result "1-0"]
[WhiteElo "2001"]
[BlackElo "1903"]
[PlyCount "43"]
[EventDate "2007.07.18"]

1. d4 d5 2. c4 e6 3. Nc3 Nf6 4. Nf3 c5 5. Bg5 cxd4 6. Nxd4 Nc6 7. cxd5 exd5 8.
e3 a6 9. a3 Be7 10. Be2 O-O 11. Bf4 Re8 12. O-O Qb6 13. Na4 Qd8 14. b4 Bd6 15.
Bxd6 Qxd6 16. Rc1 Bd7 17. Nb6 Rad8 18. Nxd7 Rxd7 19. Nxc6 bxc6 20. Qa4 Rc7 21.
Qxa6 d4 22. Qd3 1-0

[Event "KAUPTHING OPEN 2007 B"]
[Site "?"]
[Date "2007.07.10"]
[Round "5.11"]
[White "Lockwood, William"]
[Black "Parreira, Luis Miguel"]
[Result "0-1"]
[WhiteElo "1882"]
[BlackElo "1969"]
[PlyCount "86"]
[EventDate "2007.07.18"]

1. d4 Nf6 2. c4 e5 3. dxe5 Ng4 4. e4 Nxe5 5. f4 Nec6 6. Be3 Na6 7. Nf3 Bb4+ 8.
Nbd2 d6 9. Bd3 Bc5 10. Qe2 b6 11. a3 Qf6 12. Rb1 Bxe3 13. Qxe3 Nc5 14. Bc2 O-O
15. O-O Ne6 16. e5 Qxf4 17. Qd3 g6 18. g3 Qh6 19. exd6 cxd6 20. Rbe1 Nc5 21.
Qc3 Bb7 22. b4 Nd7 23. Be4 Rab8 24. Bd5 Nce5 25. Ne4 Bxd5 26. cxd5 Rbc8 27. Qb3
Nxf3+ 28. Qxf3 Ne5 29. Qg2 Nc4 30. Nf6+ Kh8 31. Ng4 Qg7 32. Nf6 Ne5 33. Ne4
Rfd8 34. Kh1 h6 35. h3 f5 36. Nd2 Rc2 37. Re2 Rdc8 38. Nf3 Rxe2 39. Qxe2 Rc3
40. Nd4 Rxg3 41. Rc1 Qb7 42. Kh2 Rd3 43. Nc6 Rd2 0-1

[Event "KAUPTHING OPEN 2007 B"]
[Site "?"]
[Date "2007.07.10"]
[Round "5.12"]
[White "Oliva, Jan"]
[Black "Hoefer, Ulrich"]
[Result "1/2-1/2"]
[WhiteElo "1840"]
[BlackElo "1940"]
[PlyCount "133"]
[EventDate "2007.07.18"]

1. c4 e5 2. Nc3 Nc6 3. Nf3 Nf6 4. g3 d5 5. cxd5 Nxd5 6. Bg2 Nxc3 7. bxc3 Bc5 8.
O-O O-O 9. e4 Bg4 10. d3 Qd7 11. Be3 Bb6 12. Qc2 h6 13. Rad1 Rad8 14. Rd2 Qe6
15. d4 exd4 16. Nxd4 Qf6 17. Nxc6 Qxc6 18. Bd4 Qc4 19. f3 Be6 20. Rfd1 Bxd4+
21. Rxd4 Rxd4 22. Rxd4 Qxa2 23. Qxa2 Bxa2 24. Ra4 Bb3 25. Rxa7 Rd8 26. Rxb7
Rd1+ 27. Kf2 Rd2+ 28. Ke3 Rxg2 29. Rxb3 Rxh2 30. Rb8+ Kh7 31. Rc8 Kg6 32. Rxc7
Kf6 33. Rd7 Rh1 34. Rd5 h5 35. c4 g5 36. c5 Rc1 37. Kd2 Rc4 38. Kd3 Rc1 39. Kd2
Rc4 40. Kd3 Rc1 41. Rf5+ Kg6 42. Ke3 f6 43. Rd5 Rc2 44. f4 h4 45. gxh4 gxh4 46.
Kf3 h3 47. Kg3 h2 48. Rd1 h1=Q 49. Rxh1 Rxc5 50. Kf3 Rc3+ 51. Ke2 Ra3 52. Rd1
Kf7 53. Rd3 Ra4 54. Ke3 Ke6 55. f5+ Ke7 56. Kf4 Rb4 57. Rh3 Kf7 58. Rh7+ Kf8
59. Ra7 Rc4 60. Ke3 Ke8 61. Ra6 Ke7 62. Re6+ Kf7 63. Kf3 Rb4 64. Kg4 Ra4 65.
Kh5 Ra1 66. Rb6 Rg1 67. Rb7+ 1/2-1/2

[Event "KAUPTHING OPEN 2007 B"]
[Site "?"]
[Date "2007.07.10"]
[Round "5.13"]
[White "Solaroli, Riccardo"]
[Black "Berteau, Franck"]
[Result "0-1"]
[WhiteElo "1929"]
[BlackElo "1859"]
[PlyCount "58"]
[EventDate "2007.07.18"]

1. e4 d6 2. Nc3 g6 3. d4 Bg7 4. h3 c6 5. Nf3 Nf6 6. a4 O-O 7. Be3 Nbd7 8. Bc4
b6 9. Qd2 e5 10. O-O Re8 11. Rad1 Bb7 12. d5 cxd5 13. exd5 Rc8 14. Qe2 Nc5 15.
Bg5 Qc7 16. b4 Nxa4 17. Nb5 Qb8 18. Ra1 Nb2 19. Bb3 a6 20. Na3 Nxd5 21. c3 e4
22. Nd4 Nxc3 23. Qd2 Bxd4 24. Bxf7+ Kxf7 25. Qf4+ Kg8 26. Qh4 Rf8 27. Kh1 d5
28. f3 Ne2 29. fxe4 Ng3+ 0-1

[Event "KAUPTHING OPEN 2007 B"]
[Site "?"]
[Date "2007.07.10"]
[Round "5.14"]
[White "Birtz, Claude"]
[Black "Meyer, Mylène"]
[Result "1/2-1/2"]
[WhiteElo "1936"]
[BlackElo "1720"]
[PlyCount "82"]
[EventDate "2007.07.18"]

1. d4 d5 2. c4 c6 3. Nc3 Nf6 4. Bg5 e6 5. e3 Be7 6. Nf3 h6 7. Bh4 O-O 8. Bd3 b6
9. O-O Bb7 10. a3 Nbd7 11. Re1 Re8 12. h3 Rc8 13. Bg3 c5 14. cxd5 Nxd5 15. Nxd5
exd5 16. dxc5 Nxc5 17. Bb5 Bc6 18. Bxc6 Rxc6 19. Nd4 Rc8 20. Nf5 Bf8 21. Bh4
Qd7 22. Qf3 g6 23. Nd4 Be7 24. Bxe7 Rxe7 25. Red1 Ne4 26. Rac1 Ree8 27. Qf4
Rxc1 28. Rxc1 Rc8 29. Rd1 Kh7 30. Qf3 Rd8 31. Rc1 Kg7 32. Qf4 Nc5 33. Qf3 Ne4
34. Qd1 Nc5 35. Ne2 Ne6 36. Nd4 Kg8 37. Nf3 d4 38. exd4 Nxd4 39. Nxd4 Qxd4 40.
Qxd4 Rxd4 41. Rc7 Rd1+ 1/2-1/2

[Event "KAUPTHING OPEN 2007 B"]
[Site "?"]
[Date "2007.07.10"]
[Round "5.15"]
[White "Scheerer, Daniel"]
[Black "Wagener, Christophe"]
[Result "0-1"]
[WhiteElo "1762"]
[BlackElo "1930"]
[PlyCount "90"]
[EventDate "2007.07.18"]

1. e4 e5 2. Nf3 Nc6 3. d4 exd4 4. Nxd4 Bc5 5. Be3 Qf6 6. Nb5 Bxe3 7. fxe3 Qh4+
8. g3 Qd8 9. Qg4 g6 10. Qf4 d6 11. Bc4 Ne5 12. O-O Bh3 13. Bxf7+ Kd7 14. Rd1
Qe7 15. Bxg8 Rhxg8 16. Nd2 g5 17. Qf2 Raf8 18. Qe2 Bg4 19. Qg2 Bxd1 20. Rxd1 a6
21. Nd4 g4 22. Nf5 Qg5 23. Nb3 Nf3+ 24. Kf2 Kc8 25. Ke2 Qf6 26. Nbd4 Nxd4+ 27.
exd4 Qe6 28. Rf1 Re8 29. Kd3 Kb8 30. c4 Ref8 31. Ng7 Qd7 32. Nf5 Qa4 33. b3 Qb4
34. Qe2 a5 35. Qc2 Rf7 36. Rf4 h5 37. Rf1 Rgf8 38. Qb2 d5 39. Qc2 dxe4+ 40.
Kxe4 Qb6 41. d5 Qg6 42. Ke5 Qf6+ 43. Ke4 Re8+ 44. Kd3 Qe5 45. Rf4 Ref8 0-1

[Event "KAUPTHING OPEN 2007 B"]
[Site "?"]
[Date "2007.07.10"]
[Round "5.16"]
[White "Bariani, Sebastien"]
[Black "Ludewig, Robert"]
[Result "1-0"]
[WhiteElo "1700"]
[BlackElo "1910"]
[PlyCount "70"]
[EventDate "2007.07.18"]

1. e4 e5 2. Nf3 Nc6 3. c3 Bc5 4. Nxe5 Bxf2+ 5. Kxf2 Nxe5 6. Qh5 d6 7. d4 Nf6 8.
Qe2 Bg4 9. Qc2 Ned7 10. h3 Bh5 11. Bg5 O-O 12. Nd2 Re8 13. Bd3 c5 14. Rae1 cxd4
15. e5 Nxe5 16. Bxh7+ Kh8 17. g4 d3 18. Bxd3 Nxd3+ 19. Qxd3 Bg6 20. Qd4 Re5 21.
Nf3 Rb5 22. Re2 Rxg5 23. Nxg5 Qa5 24. h4 Kg8 25. Qc4 d5 26. Qf4 Rc8 27. Rhe1
Be4 28. Nxf7 Rf8 29. Kg1 Rxf7 30. g5 Qb6+ 31. Qf2 Nd7 32. Qxb6 Nxb6 33. b3 Rf4
34. Kh2 Rxh4+ 35. Kg1 Rh1+ 1-0

[Event "KAUPTHING OPEN 2007 B"]
[Site "?"]
[Date "2007.07.10"]
[Round "5.17"]
[White "Buchholtz, Léon"]
[Black "Salentiny, Eric"]
[Result "1-0"]
[WhiteElo "1905"]
[BlackElo "1708"]
[PlyCount "113"]
[EventDate "2007.07.18"]

1. d4 d5 2. c4 Nf6 3. Nc3 c6 4. e3 Bf5 5. Qb3 b6 6. Nf3 e6 7. Be2 Bd6 8. O-O
Nbd7 9. Bd2 Ne4 10. Rac1 O-O 11. cxd5 cxd5 12. Nb5 Ndf6 13. Rc6 Qd7 14. Rfc1
Nxd2 15. Nxd2 Ne8 16. Nf3 Bb8 17. Ne5 Qe7 18. Qc3 f6 19. Nf3 a6 20. Na3 b5 21.
Qa5 b4 22. Nc2 Bd6 23. Nce1 Bc7 24. Rxc7 Nxc7 25. Rxc7 Qd8 26. Qc5 a5 27. Nh4
Bb1 28. Qc6 Rf7 29. Rxf7 Kxf7 30. Bg4 f5 31. Bh5+ g6 32. Be2 Ra7 33. Nhf3 Bxa2
34. Ne5+ Kf6 35. g4 Qc7 36. N1d3 Bc4 37. Qe8 Qe7 38. Qh8+ Qg7 39. Qd8+ Qe7 40.
Qxe7+ Rxe7 41. Kf1 Ra7 42. Ke1 Rc7 43. Kd2 a4 44. Nxc4 dxc4 45. Nxb4 Kg5 46.
f4+ Kh4 47. g5 Kh3 48. Kc3 Kxh2 49. Bxc4 Kg3 50. Kd3 Rb7 51. Kc3 Rc7 52. Nd3
Rc6 53. Nc5 Kf2 54. Kd3 a3 55. bxa3 Rb6 56. Bb3 Kf3 57. a4 1-0